Fleurs coupées tropicales à stocker hors chambre climatique - Statistiques

Statistiques générales
  • Ce quiz a été pris 9 fois
  • Le résultat moyen est 22 sur 30
Statistiques - réponses
Par images Réponse % Correct
Ananas
100%
Anthurium
100%
Gloriosa
100%
Strelitzia
100%
Anthurium andreanum
86%
Curcuma
86%
Heliconia
86%
Nutans
86%
Phalaenopsis
86%
Phalaenopsis hybride
86%
Protea
86%
Rose de porcelaine
86%
Sabot de Vénus
86%
Alpinia
71%
Cymbidium
71%
Cymbidium hybride
71%
Orchidée araignée
71%
Paphiopedilum hybride
71%
Strelitzia reginae
71%
Tubéreuse
71%
Vanda
71%
Vanda hybride
71%
Dendrobium
57%
Dendrobium hybride
57%
Eucharis
57%
Oncidium
57%
Oncidium hybride
57%
Pied de kangourou
57%
Cattleya
43%
Gloriosa rotschildiana
43%
Aucun quiz correspondant
Distribution des résultats
% des personnes avec chaque résultat
Percentile par nombre de réponses
Votre historique - résultats
Vous n’avez pas pris ce quiz